Travis Scott Songs - Statistics

General Stats
  • This quiz has been taken 163 times
  • The average score is 29 of 45
Answer Stats
Group 1 % Correct
G3 Sicko Mode
84%
G1 90210
83%
G2 Goosebumps
83%
G3 Stargazing
83%
G3 Coffee Bean
80%
G1 3500
78%
G3 Astrothunder
77%
G1 Pornography
77%
G1 Antidote
72%
G1 Maria I'm Drunk
72%
G1 Nightcrawler
72%
G3 Carousel
70%
G2 The Ends
70%
G3 NC-17
69%
G3 Skeletons
69%
G3 Who? What!
69%
G1 Oh My Dis Side
68%
G3 No Bystanders
67%
G3 R.I.P. Screw
67%
G3 Stop Trying to Be God
66%
G3 Yosemite
66%
G1 Apple Pie
65%
G2 Beibs in the Trap
65%
G3 Houstonfornication
65%
G3 Butterfly Effect
64%
G3 Can't Say
64%
G1 Impossible
63%
G2 Pick Up the Phone
63%
G3 Wake Up
63%
G3 5% Tint
62%
G2 Way Back
61%
G2 Coordinate
59%
G2 Sweet Sweet
59%
G1 Piss on Your Grave
57%
G1 Pray 4 Love
57%
G2 Through the Late Night
57%
G1 Flying High
55%
G2 Lose
55%
G2 SDP Interlude
55%
G1 Wasted
54%
G2 Guidance
53%
G2 Wonderful
53%
G1 I Can Tell
50%
G2 First Take
45%
G2 Outside
44%
No matching quizzes found
Score Distribution
Percent of People with Each Score
Percentile by Number Answered
Your Score History
You have not taken this quiz